Tropical plants of Southeast Asia

Сохранить в:
Библиографические подробности
Главный автор: Elisabeth Chan
Формат:
Язык:Undetermined
Опубликовано: Singapore Periplus 1998
Предметы:
Метки: Добавить метку
Нет меток, Требуется 1-ая метка записи!
Thư viện lưu trữ: Trung tâm Học liệu Trường Đại học Cần Thơ
LEADER 00467nam a2200181Ia 4500
001 CTU_54733
008 210402s9999 xx 000 0 und d
020 |b 122000 
082 |a 581.73 
082 |b C454 
100 |a Elisabeth Chan 
245 0 |a Tropical plants of Southeast Asia 
245 0 |c Elisabeth Chan 
260 |a Singapore 
260 |b Periplus 
260 |c 1998 
650 |a tropical plants 
980 |a Trung tâm Học liệu Trường Đại học Cần Thơ